Computer organization and programming: With an emphasis on the personal com.... (Record no. 161878)

MARC details
000 -LEADER
fixed length control field 00433nam a2200157Ia 4500
008 - FIXED-LENGTH DATA ELEMENTS--GENERAL INFORMATION
fixed length control field 231217s9999 xx 000 0 und d
041 ## - LANGUAGE CODE
Language code of text/sound track or separate title English
082 ## - DEWEY DECIMAL CLASSIFICATION NUMBER
Classification number 001.642 GEA;9
100 ## - MAIN ENTRY--PERSONAL NAME
Personal name Gear, C William
245 #0 - TITLE STATEMENT
Title Computer organization and programming: With an emphasis on the personal com....
250 ## - EDITION STATEMENT
Edition statement 4th ed.
260 ## - PUBLICATION, DISTRIBUTION, ETC.
Date of publication, distribution, etc. 1985
Name of publisher, distributor, etc. John Wiley
300 ## - PHYSICAL DESCRIPTION
Extent xiii+413
650 ## - SUBJECT ADDED ENTRY--TOPICAL TERM
Topical term or geographic name entry element Computer organization
942 ## - ADDED ENTRY ELEMENTS (KOHA)
Koha item type Books
Holdings
Date last seen Total checkouts Full call number Accession number Cost, total (INR) price Price effective from Category Lost status Damaged status Department Withdrawn status Home library Current library Entry date Vendor Cost, normal purchase price Grants Billnumber Billdate Currency symbol Conversion rate Discount Old discount Shelving location
26/01/2024   001.642 GEA;9 3405 261.25 26/01/2024 Books     Central Library   Central Library Central Library 07/08/1991 Sapna Book House 9.50 CS 15799 15/12/1992 USD 27.5      
26/01/2024   001.642 GEA;12 3406 261.25 26/01/2024 Books     Central Library   Central Library Central Library 07/08/1991 Sapna Book House 9.50 CS 15799 15/12/1992 USD 27.5      
26/01/2024   001.642 GEA;5 3407 261.25 26/01/2024 Books     Central Library   Central Library Central Library 07/08/1991 Sapna Book House 9.50 CS 15799 15/12/1992 USD 27.5      
26/01/2024   001.642 GEA;11 3408 261.25 26/01/2024 Books     Central Library   Central Library Central Library 07/08/1991 Sapna Book House 9.50 CS 15799 15/12/1992 USD 27.5     Library Annex
26/01/2024     3409 261.25 26/01/2024 Books     Central Library   Central Library Central Library 07/08/1991 Sapna Book House 9.50 CS 15799 15/12/1992 USD 27.5      
26/01/2024   001.642 GEA;4 3410 261.25 26/01/2024 Books     Central Library   Central Library Central Library 07/08/1991 Sapna Book House 9.50 CS 15799 15/12/1992 USD 27.5      

© For any Suggestions or Query, please contact the library staff @ librarian@pes.edu or Phone: +9180 2672 1983/ 2108.